[Event "ODJM A 2025"]
[Site "Willingen GER"]
[Date "2025.06.12"]
[Round "7"]
[White "Bergmann, Lennart"]
[Black "Pimenov, Danil"]
[Result "1/2-1/2"]
[Termination "normal"]
[Board "27"]
[WhiteElo "1860"]
[BlackElo "1945"]
[WhiteClock "00:16:23"]
[BlackClock "01:03:57"]
[PlyCount "53"]
[WhiteFideId "16270657"]
[BlackFideId "34600248"]
[EventCountry "GER"]
[EventRounds "9"]
[EventType "swiss"]
[EventDate "2025.06.07"]

1. e4 {[%clk 01:30:52]} {[%emt 00:00:07]} c5 {[%clk 01:30:55]} {[%emt
00:00:06]} 2. Nf3 {[%clk 01:31:17]} {[%emt 00:00:04]} Nc6 {[%clk 01:31:22]}
{[%emt 00:00:04]} 3. d3 {[%clk 01:31:43]} {[%emt 00:00:04]} g6 {[%clk
01:31:31]} {[%emt 00:00:21]} 4. g3 {[%clk 01:32:04]} {[%emt 00:00:09]} Bg7
{[%clk 01:31:56]} {[%emt 00:00:05]} 5. Bg2 {[%clk 01:32:29]} {[%emt 00:00:04]}
Nf6 {[%clk 01:32:03]} {[%emt 00:00:23]} 6. O-O {[%clk 01:32:47]} {[%emt
00:00:12]} d6 {[%clk 01:32:17]} {[%emt 00:00:17]} 7. c3 {[%clk 01:32:53]}
{[%emt 00:00:24]} O-O {[%clk 01:32:12]} {[%emt 00:00:34]} 8. Re1 {[%clk
01:32:55]} {[%emt 00:00:28]} Bg4 {[%clk 01:31:33]} {[%emt 00:01:09]} 9. h3
{[%clk 01:31:55]} {[%emt 00:01:30]} Bxf3 {[%clk 01:31:49]} {[%emt 00:00:14]}
10. Bxf3 {[%clk 01:31:06]} {[%emt 00:01:20]} e5 {[%clk 01:26:51]} {[%emt
00:05:28]} 11. a4 {[%clk 01:21:43]} {[%emt 00:09:52]} a6 {[%clk 01:25:41]}
{[%emt 00:01:40]} 12. Bg2 {[%clk 01:15:59]} {[%emt 00:06:14]} Ne8 {[%clk
01:20:25]} {[%emt 00:05:45]} 13. f4 {[%clk 01:13:05]} {[%emt 00:03:25]} f5
{[%clk 01:19:49]} {[%emt 00:01:06]} 14. exf5 {[%clk 01:12:06]} {[%emt
00:01:29]} Rb8 {[%clk 01:14:20]} {[%emt 00:06:00]} 15. fxg6 {[%clk 01:09:25]}
{[%emt 00:03:10]} hxg6 {[%clk 01:14:48]} {[%emt 00:00:03]} 16. Bd5+ {[%clk
01:08:03]} {[%emt 00:01:51]} Kh7 {[%clk 01:15:04]} {[%emt 00:00:14]} 17. Qg4
{[%clk 00:50:19]} {[%emt 00:18:14]} Bh6 {[%clk 01:13:52]} {[%emt 00:01:43]} 18.
Be4 {[%clk 00:43:52]} {[%emt 00:06:57]} Qf6 {[%clk 01:10:43]} {[%emt 00:03:38]}
19. Rf1 {[%clk 00:40:48]} {[%emt 00:03:34]} Ng7 {[%clk 01:08:50]} {[%emt
00:02:23]} 20. Na3 {[%clk 00:34:25]} {[%emt 00:06:53]} Ne7 {[%clk 01:05:51]}
{[%emt 00:03:30]} 21. Bd2 {[%clk 00:31:58]} {[%emt 00:02:57]} Ngf5 {[%clk
01:04:02]} {[%emt 00:02:18]} 22. fxe5 {[%clk 00:18:16]} {[%emt 00:14:12]} Qxe5
{[%clk 01:03:56]} {[%emt 00:00:36]} 23. Bxh6 {[%clk 00:18:17]} {[%emt
00:00:29]} Kxh6 {[%clk 01:03:45]} {[%emt 00:00:42]} 24. Qf4+ {[%clk 00:17:35]}
{[%emt 00:01:12]} Qxf4 {[%clk 01:03:56]} {[%emt 00:00:18]} 25. gxf4 {[%clk
00:18:04]} Ng3 {[%clk 01:03:45]} {[%emt 00:00:42]} 26. Rf2 {[%clk 00:16:53]}
{[%emt 00:01:40]} Rxf4 {[%clk 01:03:57]} {[%emt 00:00:18]} 27. Rxf4 {[%clk
00:16:23]} {[%emt 00:01:02]} 1/2-1/2

[Event "ODJM A 2025"]
[Site "Willingen GER"]
[Date "2025.06.12"]
[Round "7"]
[White "Nguyen, Ha Thanh"]
[Black "Apel, Linus"]
[Result "1/2-1/2"]
[Termination "normal"]
[Board "28"]
[WhiteElo "1950"]
[BlackElo "1783"]
[WhiteClock "00:42:38"]
[BlackClock "00:29:10"]
[PlyCount "41"]
[WhiteFideId "12942154"]
[BlackFideId "16265785"]
[EventCountry "GER"]
[EventRounds "9"]
[EventType "swiss"]
[EventDate "2025.06.07"]

1. e4 {[%clk 01:30:58]} {[%emt 00:00:02]} e5 {[%clk 01:30:55]} {[%emt
00:00:06]} 2. Nf3 {[%clk 01:31:24]} {[%emt 00:00:04]} Nc6 {[%clk 01:31:12]}
{[%emt 00:00:14]} 3. Bc4 {[%clk 01:31:31]} {[%emt 00:00:22]} Nf6 {[%clk
01:31:32]} {[%emt 00:00:10]} 4. d3 {[%clk 01:31:47]} {[%emt 00:00:15]} Bc5
{[%clk 01:31:52]} {[%emt 00:00:09]} 5. c3 {[%clk 01:32:08]} {[%emt 00:00:10]}
d6 {[%clk 01:32:11]} {[%emt 00:00:10]} 6. Nbd2 {[%clk 01:32:24]} {[%emt
00:00:15]} O-O {[%clk 01:31:05]} {[%emt 00:01:35]} 7. O-O {[%clk 01:32:45]}
{[%emt 00:00:09]} a5 {[%clk 01:31:17]} {[%emt 00:00:18]} 8. Bb3 {[%clk
01:32:10]} {[%emt 00:01:05]} Be6 {[%clk 01:31:19]} {[%emt 00:00:28]} 9. Bc2
{[%clk 01:32:04]} {[%emt 00:00:37]} h6 {[%clk 01:23:46]} {[%emt 00:08:02]} 10.
h3 {[%clk 01:32:14]} {[%emt 00:00:20]} Re8 {[%clk 01:23:12]} {[%emt 00:01:04]}
11. Re1 {[%clk 01:32:03]} {[%emt 00:00:41]} Bb6 {[%clk 01:21:02]} {[%emt
00:02:40]} 12. Nf1 {[%clk 01:31:30]} {[%emt 00:01:02]} d5 {[%clk 01:16:54]}
{[%emt 00:04:38]} 13. exd5 {[%clk 01:24:11]} {[%emt 00:07:50]} Bxd5 {[%clk
01:16:11]} {[%emt 00:01:13]} 14. Ng3 {[%clk 01:23:31]} {[%emt 00:01:09]} Nd7
{[%clk 01:02:22]} {[%emt 00:14:20]} 15. Be3 {[%clk 01:13:42]} {[%emt 00:10:19]}
Bxe3 {[%clk 00:59:11]} {[%emt 00:03:40]} 16. Rxe3 {[%clk 01:13:46]} {[%emt
00:00:27]} Nf8 {[%clk 00:59:07]} {[%emt 00:00:34]} 17. Ba4 {[%clk 01:03:41]}
{[%emt 00:10:36]} Ng6 {[%clk 00:55:58]} {[%emt 00:03:37]} 18. Ne1 {[%clk
00:49:19]} {[%emt 00:14:52]} Nge7 {[%clk 00:37:45]} {[%emt 00:18:43]} 19. Qh5
{[%clk 00:44:36]} {[%emt 00:05:13]} Rf8 {[%clk 00:35:57]} {[%emt 00:02:19]} 20.
Nf5 {[%clk 00:42:16]} {[%emt 00:02:50]} Nxf5 {[%clk 00:29:10]} {[%emt
00:07:17]} 21. Qxf5 {[%clk 00:42:38]} {[%emt 00:00:08]} 1/2-1/2

[Event "ODJM A 2025"]
[Site "Willingen GER"]
[Date "2025.06.12"]
[Round "7"]
[White "Schulz, Tim"]
[Black "Ye, Philipp"]
[Result "0-1"]
[Termination "normal"]
[Board "29"]
[WhiteElo "1976"]
[BlackElo "1863"]
[WhiteClock "00:05:32"]
[BlackClock "00:38:16"]
[PlyCount "46"]
[WhiteFideId "34629165"]
[BlackFideId "34646787"]
[EventCountry "GER"]
[EventRounds "9"]
[EventType "swiss"]
[EventDate "2025.06.07"]

1. Nf3 {[%clk 01:30:54]} {[%emt 00:00:05]} d5 {[%clk 01:30:07]} {[%emt
00:00:53]} 2. g3 {[%clk 01:31:17]} {[%emt 00:00:08]} Nd7 {[%clk 01:30:30]}
{[%emt 00:00:08]} 3. d4 {[%clk 01:30:26]} {[%emt 00:01:19]} Nb6 {[%clk
01:30:26]} {[%emt 00:00:35]} 4. Nc3 {[%clk 01:27:43]} {[%emt 00:03:12]} Bf5
{[%clk 01:30:31]} {[%emt 00:00:26]} 5. Nh4 {[%clk 01:25:05]} {[%emt 00:03:08]}
Bg4 {[%clk 01:30:36]} {[%emt 00:00:25]} 6. f3 {[%clk 01:22:25]} {[%emt
00:03:09]} Bd7 {[%clk 01:30:54]} {[%emt 00:00:12]} 7. e4 {[%clk 01:20:30]}
{[%emt 00:02:26]} e6 {[%clk 01:30:24]} {[%emt 00:01:00]} 8. Be2 {[%clk
01:18:07]} {[%emt 00:02:52]} Be7 {[%clk 01:29:48]} {[%emt 00:01:06]} 9. Ng2
{[%clk 01:18:20]} {[%emt 00:00:17]} c5 {[%clk 01:29:40]} {[%emt 00:00:38]} 10.
dxc5 {[%clk 01:01:58]} {[%emt 00:16:52]} Bxc5 {[%clk 01:27:28]} {[%emt
00:02:43]} 11. exd5 {[%clk 00:59:04]} {[%emt 00:03:24]} exd5 {[%clk 01:26:09]}
{[%emt 00:01:49]} 12. Nxd5 {[%clk 00:52:28]} {[%emt 00:07:06]} Nf6 {[%clk
01:20:59]} {[%emt 00:05:40]} 13. Nxf6+ {[%clk 00:24:57]} {[%emt 00:28:01]} Qxf6
{[%clk 01:17:49]} {[%emt 00:03:39]} 14. c3 {[%clk 00:22:16]} {[%emt 00:03:11]}
O-O-O {[%clk 01:13:32]} {[%emt 00:04:47]} 15. Qc2 {[%clk 00:19:07]} {[%emt
00:03:40]} Bf5 {[%clk 01:07:52]} {[%emt 00:06:09]} 16. Qb3 {[%clk 00:19:24]}
{[%emt 00:00:13]} Rhe8 {[%clk 01:07:15]} {[%emt 00:01:08]} 17. Qb5 {[%clk
00:19:05]} {[%emt 00:00:49]} Qe7 {[%clk 01:02:33]} {[%emt 00:05:12]} 18. Be3
{[%clk 00:13:50]} {[%emt 00:05:44]} Rd5 {[%clk 00:53:11]} {[%emt 00:09:52]} 19.
Rd1 {[%clk 00:11:19]} {[%emt 00:03:02]} Re5 {[%clk 00:51:40]} {[%emt 00:02:02]}
20. f4 {[%clk 00:06:25]} {[%emt 00:05:23]} Rxe3 {[%clk 00:48:37]} {[%emt
00:03:33]} 21. Nxe3 {[%clk 00:06:45]} {[%emt 00:00:09]} Qxe3 {[%clk 00:49:03]}
{[%emt 00:00:05]} 22. Rd2 {[%clk 00:06:36]} {[%emt 00:00:38]} a6 {[%clk
00:41:37]} {[%emt 00:07:57]} 23. Qb3 {[%clk 00:05:32]} {[%emt 00:01:33]} Bd3
{[%clk 00:38:16]} {[%emt 00:03:52]} 0-1

[Event "ODJM A 2025"]
[Site "Willingen GER"]
[Date "2025.06.12"]
[Round "7"]
[White "Alheit, Maximilian"]
[Black "Friedhoff, Mirco"]
[Result "1-0"]
[Termination "normal"]
[Board "30"]
[WhiteElo "1884"]
[BlackElo "1838"]
[WhiteClock "01:34:03"]
[BlackClock "01:33:03"]
[PlyCount "29"]
[WhiteFideId "34607676"]
[BlackFideId "16243447"]
[EventCountry "GER"]
[EventRounds "9"]
[EventType "swiss"]
[EventDate "2025.06.07"]

1. e4 {[%clk 01:30:59]} e5 {[%clk 01:30:54]} {[%emt 00:00:06]} 2. Nf3 {[%clk
01:31:26]} {[%emt 00:00:03]} Nf6 {[%clk 01:31:21]} {[%emt 00:00:04]} 3. Nxe5
{[%clk 01:31:51]} {[%emt 00:00:05]} d6 {[%clk 01:31:47]} {[%emt 00:00:04]} 4.
Nf3 {[%clk 01:32:17]} {[%emt 00:00:03]} Nxe4 {[%clk 01:32:13]} {[%emt
00:00:04]} 5. d4 {[%clk 01:32:42]} {[%emt 00:00:05]} d5 {[%clk 01:32:39]}
{[%emt 00:00:04]} 6. Bd3 {[%clk 01:33:08]} {[%emt 00:00:04]} Be7 {[%clk
01:32:52]} {[%emt 00:00:17]} 7. O-O {[%clk 01:33:31]} {[%emt 00:00:07]} O-O
{[%clk 01:33:18]} {[%emt 00:00:05]} 8. Nbd2 {[%clk 01:33:56]} {[%emt 00:00:04]}
Bf5 {[%clk 01:33:09]} {[%emt 00:00:39]} 9. Re1 {[%clk 01:33:20]} {[%emt
00:01:07]} Nxd2 {[%clk 01:33:21]} {[%emt 00:00:17]} 10. Bxf5 {[%clk 01:33:17]}
{[%emt 00:00:33]} Nxf3+ {[%clk 01:33:11]} {[%emt 00:00:40]} 11. Qxf3 {[%clk
01:33:41]} {[%emt 00:00:07]} Nc6 {[%clk 01:33:27]} {[%emt 00:00:13]} 12. c3
{[%clk 01:33:43]} {[%emt 00:00:29]} Bg5 {[%clk 01:32:18]} {[%emt 00:01:39]} 13.
Bxg5 {[%clk 01:33:21]} {[%emt 00:00:52]} Qxg5 {[%clk 01:32:42]} {[%emt
00:00:05]} 14. Qxd5 {[%clk 01:33:38]} {[%emt 00:00:13]} Ne7 {[%clk 01:33:03]}
{[%emt 00:00:10]} 15. Bxh7+ {[%clk 01:34:03]} {[%emt 00:00:05]} 1-0

[Event "ODJM A 2025"]
[Site "Willingen GER"]
[Date "2025.06.12"]
[Round "7"]
[White "Seitz, Manuel"]
[Black "Arp, Piotr"]
[Result "0-1"]
[Termination "normal"]
[Board "31"]
[WhiteElo "1859"]
[BlackElo "1863"]
[WhiteClock "00:31:13"]
[BlackClock "00:53:53"]
[PlyCount "40"]
[WhiteFideId "16215770"]
[BlackFideId "34657398"]
[EventCountry "GER"]
[EventRounds "9"]
[EventType "swiss"]
[EventDate "2025.06.07"]

1. e4 {[%clk 01:30:56]} {[%emt 00:00:03]} c5 {[%clk 01:30:59]} {[%emt
00:00:02]} 2. f4 {[%clk 01:31:18]} {[%emt 00:00:08]} d5 {[%clk 01:31:27]}
{[%emt 00:00:03]} 3. Bb5+ {[%clk 01:31:38]} {[%emt 00:00:09]} Bd7 {[%clk
01:31:52]} {[%emt 00:00:05]} 4. Bxd7+ {[%clk 01:32:01]} {[%emt 00:00:07]} Qxd7
{[%clk 01:32:19]} {[%emt 00:00:03]} 5. d3 {[%clk 01:32:19]} {[%emt 00:00:12]}
Nf6 {[%clk 01:32:40]} {[%emt 00:00:09]} 6. e5 {[%clk 01:26:20]} {[%emt
00:06:29]} Ng4 {[%clk 01:33:05]} {[%emt 00:00:04]} 7. Nc3 {[%clk 01:21:50]}
{[%emt 00:05:01]} Nh6 {[%clk 01:31:46]} {[%emt 00:01:48]} 8. Nf3 {[%clk
01:17:06]} {[%emt 00:05:14]} Nc6 {[%clk 01:31:48]} {[%emt 00:00:29]} 9. O-O
{[%clk 01:16:13]} {[%emt 00:01:23]} Nf5 {[%clk 01:29:38]} {[%emt 00:02:39]} 10.
Qe2 {[%clk 01:10:58]} {[%emt 00:05:45]} h5 {[%clk 01:26:58]} {[%emt 00:03:11]}
11. Qf2 {[%clk 00:52:15]} {[%emt 00:19:13]} e6 {[%clk 01:26:55]} {[%emt
00:00:33]} 12. Nh4 {[%clk 00:51:16]} {[%emt 00:01:27]} Nxh4 {[%clk 01:20:31]}
{[%emt 00:06:56]} 13. Qxh4 {[%clk 00:50:48]} {[%emt 00:00:58]} Be7 {[%clk
01:20:28]} {[%emt 00:00:33]} 14. Qf2 {[%clk 00:49:50]} {[%emt 00:01:27]} g6
{[%clk 01:11:15]} {[%emt 00:09:43]} 15. Bd2 {[%clk 00:46:30]} {[%emt 00:03:49]}
b6 {[%clk 01:02:06]} {[%emt 00:09:41]} 16. Kh1 {[%clk 00:42:31]} {[%emt
00:04:29]} Nd4 {[%clk 00:59:06]} {[%emt 00:03:30]} 17. Be3 {[%clk 00:38:44]}
{[%emt 00:04:14]} Nf5 {[%clk 00:57:03]} {[%emt 00:02:35]} 18. Ne2 {[%clk
00:36:31]} {[%emt 00:02:43]} d4 {[%clk 00:55:26]} {[%emt 00:02:08]} 19. Bd2
{[%clk 00:35:58]} {[%emt 00:01:03]} h4 {[%clk 00:53:54]} {[%emt 00:02:01]} 20.
Ng1 {[%clk 00:31:13]} {[%emt 00:05:15]} Ng3+ {[%clk 00:53:53]} {[%emt
00:00:31]} 0-1

[Event "ODJM A 2025"]
[Site "Willingen GER"]
[Date "2025.06.12"]
[Round "7"]
[White "Grunert, Wilhelm"]
[Black "Abou Wally, Adrian"]
[Result "0-1"]
[Termination "normal"]
[Board "32"]
[WhiteElo "1892"]
[BlackElo "1947"]
[WhiteClock "00:06:11"]
[BlackClock "00:16:34"]
[PlyCount "66"]
[WhiteFideId "12995673"]
[BlackFideId "16245113"]
[EventCountry "GER"]
[EventRounds "9"]
[EventType "swiss"]
[EventDate "2025.06.07"]

1. e4 {[%clk 01:30:58]} {[%emt 00:00:02]} c6 {[%clk 01:30:56]} {[%emt
00:00:04]} 2. d4 {[%clk 01:31:23]} {[%emt 00:00:04]} d5 {[%clk 01:31:23]}
{[%emt 00:00:04]} 3. exd5 {[%clk 01:31:48]} {[%emt 00:00:05]} cxd5 {[%clk
01:31:50]} {[%emt 00:00:04]} 4. c4 {[%clk 01:32:12]} {[%emt 00:00:06]} Nf6
{[%clk 01:32:16]} {[%emt 00:00:03]} 5. Nc3 {[%clk 01:32:36]} {[%emt 00:00:07]}
e6 {[%clk 01:32:36]} {[%emt 00:00:09]} 6. Nf3 {[%clk 01:32:48]} {[%emt
00:00:17]} Bb4 {[%clk 01:33:00]} {[%emt 00:00:06]} 7. cxd5 {[%clk 01:32:20]}
{[%emt 00:00:58]} Nxd5 {[%clk 01:33:24]} {[%emt 00:00:07]} 8. Bd2 {[%clk
01:32:36]} {[%emt 00:00:13]} Nc6 {[%clk 01:33:30]} {[%emt 00:00:25]} 9. Bd3
{[%clk 01:32:29]} {[%emt 00:00:37]} O-O {[%clk 01:33:25]} {[%emt 00:00:35]} 10.
Qc2 {[%clk 01:32:24]} {[%emt 00:00:35]} g6 {[%clk 01:33:24]} {[%emt 00:00:30]}
11. O-O {[%clk 01:24:28]} {[%emt 00:08:27]} Be7 {[%clk 01:17:22]} {[%emt
00:16:32]} 12. a3 {[%clk 01:12:35]} {[%emt 00:12:23]} Bf6 {[%clk 01:15:42]}
{[%emt 00:02:10]} 13. Bh6 {[%clk 00:54:08]} {[%emt 00:18:57]} Re8 {[%clk
01:16:06]} {[%emt 00:00:06]} 14. Rad1 {[%clk 00:53:39]} {[%emt 00:00:59]} Nce7
{[%clk 01:06:01]} {[%emt 00:10:34]} 15. Bg5 {[%clk 00:46:10]} {[%emt 00:07:59]}
Nxc3 {[%clk 00:44:54]} {[%emt 00:21:38]} 16. bxc3 {[%clk 00:45:02]} {[%emt
00:01:38]} Nf5 {[%clk 00:44:12]} {[%emt 00:01:13]} 17. Bxf6 {[%clk 00:33:42]}
{[%emt 00:11:49]} Qxf6 {[%clk 00:44:32]} {[%emt 00:00:10]} 18. Ne5 {[%clk
00:33:06]} {[%emt 00:01:06]} Nd6 {[%clk 00:40:56]} {[%emt 00:04:05]} 19. Be4
{[%clk 00:26:53]} {[%emt 00:06:44]} Nxe4 {[%clk 00:34:24]} {[%emt 00:07:02]}
20. Qxe4 {[%clk 00:27:18]} {[%emt 00:00:05]} Rb8 {[%clk 00:34:06]} {[%emt
00:00:48]} 21. Rd3 {[%clk 00:25:36]} {[%emt 00:02:11]} Rf8 {[%clk 00:23:19]}
{[%emt 00:11:17]} 22. Ng4 {[%clk 00:17:50]} {[%emt 00:08:16]} Qg7 {[%clk
00:23:39]} {[%emt 00:00:11]} 23. Qf4 {[%clk 00:17:37]} {[%emt 00:00:42]} e5
{[%clk 00:22:05]} {[%emt 00:02:05]} 24. Nf6+ {[%clk 00:17:07]} {[%emt
00:01:00]} Kh8 {[%clk 00:22:25]} {[%emt 00:00:10]} 25. dxe5 {[%clk 00:17:16]}
{[%emt 00:00:21]} Bf5 {[%clk 00:22:03]} {[%emt 00:00:52]} 26. Re3 {[%clk
00:16:52]} {[%emt 00:00:54]} Rfd8 {[%clk 00:19:50]} {[%emt 00:02:43]} 27. g4
{[%clk 00:16:32]} {[%emt 00:00:49]} Be6 {[%clk 00:19:53]} {[%emt 00:00:28]} 28.
Rh3 {[%clk 00:15:56]} {[%emt 00:01:05]} h5 {[%clk 00:19:53]} {[%emt 00:00:30]}
29. Nxh5 {[%clk 00:15:35]} {[%emt 00:00:51]} Qh7 {[%clk 00:16:14]} {[%emt
00:04:10]} 30. f3 {[%clk 00:06:29]} {[%emt 00:09:36]} Rbc8 {[%clk 00:15:41]}
{[%emt 00:01:02]} 31. Qg3 {[%clk 00:05:28]} {[%emt 00:01:31]} gxh5 {[%clk
00:15:44]} {[%emt 00:00:28]} 32. Rxh5 {[%clk 00:05:49]} {[%emt 00:00:08]} Qxh5
{[%clk 00:16:07]} {[%emt 00:00:08]} 33. gxh5 {[%clk 00:06:11]} {[%emt
00:00:07]} Rg8 {[%clk 00:16:34]} {[%emt 00:00:03]} 0-1

[Event "ODJM A 2025"]
[Site "Willingen GER"]
[Date "2025.06.12"]
[Round "7"]
[White "Schuricht, Paul Alexander"]
[Black "Theisen, Johannes"]
[Result "1-0"]
[Termination "normal"]
[Board "33"]
[WhiteElo "1920"]
[BlackElo "1831"]
[WhiteClock "00:19:30"]
[BlackClock "00:12:43"]
[PlyCount "43"]
[WhiteFideId "16270177"]
[BlackFideId "16255526"]
[EventCountry "GER"]
[EventRounds "9"]
[EventType "swiss"]
[EventDate "2025.06.07"]

1. d4 {[%clk 01:30:57]} {[%emt 00:00:03]} Nf6 {[%clk 01:30:55]} {[%emt
00:00:05]} 2. c4 {[%clk 01:31:21]} {[%emt 00:00:06]} e6 {[%clk 01:31:23]}
{[%emt 00:00:03]} 3. g3 {[%clk 01:31:44]} {[%emt 00:00:06]} c5 {[%clk
01:31:36]} {[%emt 00:00:18]} 4. d5 {[%clk 01:30:50]} {[%emt 00:01:24]} exd5
{[%clk 01:32:00]} {[%emt 00:00:06]} 5. cxd5 {[%clk 01:31:13]} {[%emt 00:00:07]}
d6 {[%clk 01:32:22]} {[%emt 00:00:08]} 6. Nc3 {[%clk 01:31:32]} {[%emt
00:00:10]} g6 {[%clk 01:32:45]} {[%emt 00:00:07]} 7. Bg2 {[%clk 01:30:58]}
{[%emt 00:01:05]} Bg7 {[%clk 01:33:10]} {[%emt 00:00:05]} 8. Nf3 {[%clk
01:30:53]} {[%emt 00:00:35]} O-O {[%clk 01:33:33]} {[%emt 00:00:07]} 9. Nd2
{[%clk 01:30:02]} {[%emt 00:01:20]} Re8 {[%clk 01:28:21]} {[%emt 00:05:42]} 10.
Nc4 {[%clk 01:24:45]} {[%emt 00:05:47]} a6 {[%clk 01:08:20]} {[%emt 00:20:32]}
11. a4 {[%clk 01:24:24]} {[%emt 00:00:51]} Ng4 {[%clk 01:06:31]} {[%emt
00:02:18]} 12. Ne4 {[%clk 01:00:43]} {[%emt 00:24:10]} Bf8 {[%clk 00:55:16]}
{[%emt 00:11:47]} 13. Bf4 {[%clk 00:56:21]} {[%emt 00:04:51]} Ne5 {[%clk
00:55:37]} {[%emt 00:00:09]} 14. Bg5 {[%clk 00:55:53]} {[%emt 00:00:58]} Be7
{[%clk 00:41:40]} {[%emt 00:14:27]} 15. Bxe7 {[%clk 00:47:37]} {[%emt
00:08:46]} Rxe7 {[%clk 00:36:17]} {[%emt 00:05:53]} 16. Nexd6 {[%clk 00:44:08]}
{[%emt 00:04:00]} Bg4 {[%clk 00:35:04]} {[%emt 00:01:43]} 17. Ne4 {[%clk
00:30:06]} {[%emt 00:14:32]} Nxc4 {[%clk 00:26:29]} {[%emt 00:09:05]} 18. Nf6+
{[%clk 00:30:26]} {[%emt 00:00:09]} Kg7 {[%clk 00:26:53]} {[%emt 00:00:06]} 19.
Nxg4 {[%clk 00:30:49]} {[%emt 00:00:06]} h5 {[%clk 00:17:40]} {[%emt 00:09:45]}
20. Qc1 {[%clk 00:19:22]} {[%emt 00:11:56]} Qa5+ {[%clk 00:15:54]} {[%emt
00:02:16]} 21. Kd1 {[%clk 00:19:38]} {[%emt 00:00:14]} Qb4 {[%clk 00:12:43]}
{[%emt 00:03:41]} 22. Qh6+ {[%clk 00:19:30]} {[%emt 00:00:37]} 1-0

[Event "ODJM A 2025"]
[Site "Willingen GER"]
[Date "2025.06.12"]
[Round "7"]
[White "Direk, Oguzhan"]
[Black "Schulz, Dennis"]
[Result "1-0"]
[Termination "normal"]
[Board "34"]
[WhiteElo "1912"]
[BlackElo "1894"]
[WhiteClock "00:41:12"]
[BlackClock "00:45:47"]
[PlyCount "41"]
[WhiteFideId "16294343"]
[BlackFideId "16241231"]
[EventCountry "GER"]
[EventRounds "9"]
[EventType "swiss"]
[EventDate "2025.06.07"]

1. d4 {[%clk 01:30:57]} {[%emt 00:00:02]} d5 {[%clk 01:30:57]} {[%emt
00:00:03]} 2. Nc3 {[%clk 01:31:23]} {[%emt 00:00:05]} Nf6 {[%clk 01:31:19]}
{[%emt 00:00:08]} 3. Bf4 {[%clk 01:31:49]} {[%emt 00:00:05]} a6 {[%clk
01:31:48]} 4. e3 {[%clk 01:32:12]} {[%emt 00:00:06]} b5 {[%clk 01:32:10]}
{[%emt 00:00:08]} 5. Bd3 {[%clk 01:27:00]} {[%emt 00:05:43]} e6 {[%clk
01:28:49]} {[%emt 00:03:51]} 6. Nf3 {[%clk 01:26:24]} {[%emt 00:01:05]} c5
{[%clk 01:27:49]} {[%emt 00:01:31]} 7. dxc5 {[%clk 01:25:29]} {[%emt 00:01:25]}
Bxc5 {[%clk 01:28:11]} {[%emt 00:00:09]} 8. O-O {[%clk 01:22:04]} {[%emt
00:03:54]} O-O {[%clk 01:28:19]} {[%emt 00:00:22]} 9. e4 {[%clk 01:21:35]}
{[%emt 00:00:59]} b4 {[%clk 01:11:06]} {[%emt 00:17:43]} 10. e5 {[%clk
01:16:53]} {[%emt 00:05:12]} bxc3 {[%clk 00:54:48]} {[%emt 00:16:49]} 11. exf6
{[%clk 01:01:27]} {[%emt 00:15:55]} gxf6 {[%clk 00:54:29]} {[%emt 00:00:49]}
12. Bh6 {[%clk 01:00:23]} {[%emt 00:01:34]} cxb2 {[%clk 00:51:11]} {[%emt
00:03:48]} 13. Rb1 {[%clk 00:53:51]} {[%emt 00:07:02]} Re8 {[%clk 00:50:48]}
{[%emt 00:00:53]} 14. Ne5 {[%clk 00:47:36]} {[%emt 00:06:45]} f5 {[%clk
00:50:22]} {[%emt 00:00:56]} 15. Qf3 {[%clk 00:39:19]} {[%emt 00:08:47]} Qf6
{[%clk 00:50:01]} {[%emt 00:00:51]} 16. Qg3+ {[%clk 00:39:41]} {[%emt
00:00:08]} Kh8 {[%clk 00:50:21]} {[%emt 00:00:09]} 17. Bg5 {[%clk 00:40:08]}
{[%emt 00:00:03]} Qg7 {[%clk 00:50:12]} {[%emt 00:00:39]} 18. Qh4 {[%clk
00:40:36]} {[%emt 00:00:02]} Kg8 {[%clk 00:46:30]} {[%emt 00:04:13]} 19. Bf6
{[%clk 00:40:23]} {[%emt 00:00:42]} Be7 {[%clk 00:46:44]} {[%emt 00:00:17]} 20.
Bxe7 {[%clk 00:40:50]} {[%emt 00:00:03]} Qxe5 {[%clk 00:45:47]} {[%emt
00:01:26]} 21. Bf6 {[%clk 00:41:12]} {[%emt 00:00:09]} 1-0